| 000 | 00999nam a2200313 a 4500 | ||
|---|---|---|---|
| 001 | 24348 | ||
| 003 | CO-ViMGA | ||
| 008 | 141112s2004 ck r 000 u spa d | ||
| 020 | _a9789588445168 | ||
| 040 |
_aCO-ViMGA _bspa _cCO-ViMGA |
||
| 041 | _aSPA | ||
| 090 | _aA RAT1 | ||
| 100 | 1 |
_aRathman, Peggy _930771 |
|
| 245 | 1 | 0 |
_aFaltan 10 minutos para dormir / _cPeggy Rathmann; traducción : Kurusa |
| 250 | _a2a ed. | ||
| 260 |
_aCaracas : _bEkaré, _c2011 |
||
| 300 | _a44 p. : il. col. | ||
| 490 | _aEl jardín de los niños | ||
| 650 | 1 | 4 |
_aAUTORES ESTADOUNIDENSES - SIGLO XX _92350 |
| 650 | 1 | 4 |
_aHORA DE DORMIR - LIBROS DE IMAGENES _935665 |
| 650 | 1 | 4 |
_aILUSTRADORES ESTADOUNIDENSES _935666 |
| 650 | 1 | 4 |
_aIMAGINACION - LIBROS DE IMAGENES _935667 |
| 650 | 1 | 4 |
_aLEER ES MI CUENTO - COLECCION 2011 _935668 |
| 650 | 1 | 4 |
_aLIBROS DE IMAGENES _929438 |
| 650 | 1 | 4 |
_aMASCOTAS - LIBROS DE IMAGENES _935669 |
| 700 | 1 |
_aKurusa _935670 |
|
| 700 | 1 |
_aRathman, Peggy _930771 |
|
| 942 |
_2ddc _cBK |
||
| 999 |
_c2245 _d2245 |
||